skbl

Dr Suryya Kumar Bhuyan Library Web-OPAC
ডঃ সূৰ্য্য
কুমাৰ ভূঞা পুথিভঁৰাল ৱেব-অ'পেক

All Research Scholars are advised to clear the annual library fees to continue using Library Resources, Remote Access, Plagiarism Test and Library Clearance.

Cotton University Book Fair 2026

Statistical Techniques of Manpower Planning and Forecasting / (Record no. 41315)

MARC details
000 -LEADER
fixed length control field 00780nam a2200253Ia 4500
001 - CONTROL NUMBER
control field 41347
005 - DATE AND TIME OF LATEST TRANSACTION
control field 20240114003416.0
007 - PHYSICAL DESCRIPTION FIXED FIELD--GENERAL INFORMATION
fixed length control field ta
008 - FIXED-LENGTH DATA ELEMENTS--GENERAL INFORMATION
fixed length control field 080311s1999 g b000 u 903 u
040 ## - CATALOGING SOURCE
Original cataloging agency Cotton College,Assam
041 ## - LANGUAGE CODE
Language code of text/sound track or separate title 903
082 ## - DEWEY DECIMAL CLASSIFICATION NUMBER
Classification number 310
Item number Su 21 St
100 ## - MAIN ENTRY--PERSONAL NAME
Personal name Biswas, Suddhendu .
245 #0 - TITLE STATEMENT
Title Statistical Techniques of Manpower Planning and Forecasting /
Statement of responsibility, etc. Suddhendu Biswas.
Medium Textual Documents
250 ## - EDITION STATEMENT
Edition statement Ist ed /
260 ## - PUBLICATION, DISTRIBUTION, ETC.
Place of publication, distribution, etc. New Delhi :
Name of publisher, distributor, etc. New Age International ( P ) Limited ,
Date of publication, distribution, etc. 1999.
300 ## - PHYSICAL DESCRIPTION
Extent 160pg ;
Dimensions 24cm.
500 ## - GENERAL NOTE
General note Issued to the Deptt.(Statistics)
653 ## - INDEX TERM--UNCONTROLLED
Uncontrolled term Statistical Techniques of Manpower Planning and Forecasting
653 ## - INDEX TERM--UNCONTROLLED
Uncontrolled term Deptt-Statistics
942 ## - ADDED ENTRY ELEMENTS (KOHA)
Source of classification or shelving scheme Dewey Decimal Classification
Koha item type Books
Holdings
Withdrawn status Lost status Damaged status Not for loan Collection Home library Current library Date acquired Coded location qualifier Total checkouts Full call number Barcode Date last seen Copy number Price effective from Koha item type
          Dr. Suryya Kumar Bhuyan Library Dr. Suryya Kumar Bhuyan Library 01/02/2012 00000   310 Su 21 St 90097 14/01/2024 1 01/02/2012 Books

Designed and Maintained by Team SKBL
©1901-2026

Powered by Koha